Central Library OPAC University of Rajshahi

Mordaunt : (Record no. 19623)

MARC details
000 -LEADER
fixed length control field 00998nam a2200277 a 4500
001 - CONTROL NUMBER
control field 19623
003 - CONTROL NUMBER IDENTIFIER
rucl marc code BD-RjUL
005 - DATE AND TIME OF LATEST TRANSACTION
control field 20211209000445.0
008 - FIXED-LENGTH DATA ELEMENTS--GENERAL INFORMATION
fixed length control field 140225s1965 enk b 000 1 eng d
035 ## - SYSTEM CONTROL NUMBER
System control number (BD-RjUL)19683
040 ## - CATALOGING SOURCE
Original cataloging agency DLC
Transcribing agency SJD
Modifying agency SER
-- BD-RjUL
Language of cataloging eng
041 ## - LANGUAGE CODE
Language code of text/sound track or separate title eng
082 04 - DEWEY DECIMAL CLASSIFICATION NUMBER
Classification number 823.02
Author mark and year MOM 1965
100 1# - MAIN ENTRY--PERSONAL NAME
Personal name Moore, John,
Dates associated with a name 1729-1802.
9 (RLIN) 60290
245 10 - TITLE STATEMENT
Title Mordaunt :
Remainder of title sketches of life, characters, and manners in various countries; including the memoirs of a French lady of quality /
Statement of responsibility, etc. John Moore ; edited with an introduction by W.L. Renwick.
260 ## - PUBLICATION, DISTRIBUTION, ETC. (IMPRINT)
Place of publication, distribution, etc. London :
Name of publisher, distributor, etc. Oxford University Press,
Date of publication, distribution, etc. 1965.
300 ## - PHYSICAL DESCRIPTION
Pagination xviii, [iv], 508 p. ;
Size 21 cm.
504 ## - BIBLIOGRAPHY, ETC. NOTE
Bibliography, etc Includes bibliography.
650 #0 - SUBJECT ADDED ENTRY--TOPICAL TERM
Topical term or geographic name as entry element English fiction
Chronological subdivision 18th century.
9 (RLIN) 55394
651 #0 - SUBJECT ADDED ENTRY--GEOGRAPHIC NAME
Geographic name Roman canadien.
9 (RLIN) 60291
700 1# - ADDED ENTRY--PERSONAL NAME
Personal name Renwick, W. L.
Fuller form of name (William Lindsay),
Dates associated with a name 1889-1970 .
830 #0 - SERIES ADDED ENTRY--UNIFORM TITLE
Uniform title Oxford English novels
942 ## - ADDED ENTRY ELEMENTS (KOHA)
Source of classification or shelving scheme Dewey Decimal Classification
Koha item type Books
Holdings
Lost status Source of classification or shelving scheme Damaged status Not for loan Collection code Permanent Location Current Location Shelving location Date acquired Source of acquisition Cost, normal purchase price Total Checkouts Full call number Date last seen Copy number Koha item type
  Dewey Decimal Classification     Fiction Central Library, University of Rajshahi Central Library, University of Rajshahi   05/03/1973 Blackwell. 2.50   823.02 MOM 1965 25/02/2014 C-2 Books
  Dewey Decimal Classification   Not For Loan Fiction Central Library, University of Rajshahi Central Library, University of Rajshahi Reading Room 03/03/1970 Zeit 42.00   823.02 MOM 1965 25/02/2014 C-1 Books